<?xml version="1.0" encoding="UTF-8"?>
<collection xmlns="http://www.loc.gov/MARC21/slim">
 <record>
  <leader>01795nam a2200229Ia 4500</leader>
  <controlfield tag="001">CTU_163309</controlfield>
  <controlfield tag="008">210402s9999    xx            000 0 und d</controlfield>
  <datafield tag="082" ind1=" " ind2=" ">
   <subfield code="a">664.0028</subfield>
  </datafield>
  <datafield tag="082" ind1=" " ind2=" ">
   <subfield code="b">V500</subfield>
  </datafield>
  <datafield tag="088" ind1=" " ind2=" ">
   <subfield code="a">60540101</subfield>
  </datafield>
  <datafield tag="100" ind1=" " ind2=" ">
   <subfield code="a">Nguyễn, Văn Vũ</subfield>
  </datafield>
  <datafield tag="245" ind1=" " ind2="0">
   <subfield code="a">Mô hình hóa sự biến đổi ẩm và truyền nhiệt trong quá trình chiên chân không :</subfield>
  </datafield>
  <datafield tag="245" ind1=" " ind2="0">
   <subfield code="b">Luận văn thạc sĩ Khoa học chuyên ngành Công nghệ thực phẩn &amp; Đồ uống</subfield>
  </datafield>
  <datafield tag="245" ind1=" " ind2="0">
   <subfield code="c">Nguyễn Văn Vũ ; Võ Tấn Thành (hướng dẫn khoa học)</subfield>
  </datafield>
  <datafield tag="260" ind1=" " ind2=" ">
   <subfield code="a">Cần Thơ</subfield>
  </datafield>
  <datafield tag="260" ind1=" " ind2=" ">
   <subfield code="b">Trường Đại học Cần Thơ</subfield>
  </datafield>
  <datafield tag="260" ind1=" " ind2=" ">
   <subfield code="c">2010</subfield>
  </datafield>
  <datafield tag="520" ind1=" " ind2=" ">
   <subfield code="a">Mô hình hoá sự biến đổi ẩm và truyền nhiệt trong quá trình chiên chân không được nghiên cứu với vật liệu có dạng hình cầu và hình trụ( vật liệu hình cầu được chọn là hạt sen,vật liệu được chọn là khoai tây).Quá trình chiên được thực hiện tại 4 mức nhiệt độ là 110,120,130,140 độ C trong khi duy trì áp suất chiên tại 0,02 bar.Hai cảm biến nhiệt độ loại T với độ chính xác 0,01 độ C được sử dụng để ghi nhận sự thay đổi nhiệt độ môi trường và sản phẩm trong quá trình chiên thông qua hệ thống analog kết nối với máy tính với khoảng cách giữa cách giữa 2 lần ghi là 10 giây.</subfield>
  </datafield>
  <datafield tag="650" ind1=" " ind2=" ">
   <subfield code="a">Food,Thực phẩm</subfield>
  </datafield>
  <datafield tag="650" ind1=" " ind2=" ">
   <subfield code="x">Biochemistry,Hóa sinh học</subfield>
  </datafield>
  <datafield tag="904" ind1=" " ind2=" ">
   <subfield code="i">Thoa, Hải</subfield>
  </datafield>
  <datafield tag="980" ind1=" " ind2=" ">
   <subfield code="a">Trung tâm Học liệu Trường Đại học Cần Thơ</subfield>
  </datafield>
 </record>
</collection>
